000
00336 a2200169 4500
001
190776
020
_a
040
_c
Magnum
100
_a
Jose, Elias
240
1
0
_a
Um sapo meio pirado
_l
por
245
1
0
_a
Um sapo meio pirado
300
_a
22
362
0
_a
1991
440
1
_a
LĂȘ
697
_a
LITERATURA INFANTO
942
_c
BK
999
_c
190776
_d
190776